Normal view
MARC view
- CARSON, JOHN R
Entry Personal Name
001 - CONTROL NUMBER
- control field: 69923
003 - CONTROL NUMBER IDENTIFIER
- control field: NUST
005 - DATE AND TIME OF LATEST TRANSACTION
- control field: 20210628204328.0
008 - FIXED-LENGTH DATA ELEMENTS
- fixed length control field: 210628|| aca||aabn | a|a d
040 ## - CATALOGING SOURCE
- Original cataloging agency: NUST
- Transcribing agency: NUST
100 ## - HEADING--PERSONAL NAME
- Personal name: CARSON, JOHN R
670 ## - SOURCE DATA FOUND
- Source citation: Work cat.: (NUST): CARSON, JOHN R, ELECTRIC CIRCUIT THEORY AND THE OPERATIONAL CALCULUS, 1926
